Southville International School and Colleges
Your cart is empty.
  • Cart
  • Lists
    Public lists Eva Luna New books Lux_list list_1
    Your lists Log in to create your own lists
  • Log in to your account
  • Your cookies
  • Search history
Southville International School and Colleges
  • Advanced search
  • Recent comments
  • Most popular
  • Libraries

Log in to your account

Log in with GOOGLE


If you do not have an external account, but do have a local account, you can still log in:

  1. Home
  2. MARC view: Corporate Entrepreneurship :
Normal view MARC view ISBD view

Corporate Entrepreneurship : (Record no. 48237)

[ view plain ]
MARC details
000 -LEADER
fixed length control field 00696nam a2200217Ia 4500
008 - FIXED-LENGTH DATA ELEMENTS--GENERAL INFORMATION
fixed length control field 140321s9999 xx 000 0 und d
020 ## - INTERNATIONAL STANDARD BOOK NUMBER
International Standard Book Number 9780230304031
050 ## - LIBRARY OF CONGRESS CALL NUMBER
Classification number HB 615
Item number .B874 2013
100 ## - MAIN ENTRY--PERSONAL NAME
Personal name Burns, Paul
245 ## - TITLE STATEMENT
Title Corporate Entrepreneurship :
Remainder of title innovation and strategy in large organizations /
Statement of responsibility, etc Paul Burns.
250 ## - EDITION STATEMENT
Edition statement 3rd ed.
260 ## - PUBLICATION, DISTRIBUTION, ETC. (IMPRINT)
Place of publication, distribution, etc New York :
Name of publisher, distributor, etc Palgrave Macmillan,
Date of publication, distribution, etc c2013.
300 ## - PHYSICAL DESCRIPTION
Extent 499 p. :
Other physical details ill. ;
Dimensions 25 cm.
500 ## - GENERAL NOTE
General note Includes bibliographical references and indexes.
521 ## - TARGET AUDIENCE NOTE
Target audience note
650 ## - SUBJECT ADDED ENTRY--TOPICAL TERM
Topical term or geographic name as entry element Creative ability in business.
650 ## - SUBJECT ADDED ENTRY--TOPICAL TERM
Topical term or geographic name as entry element Entrepreneurship.
650 ## - SUBJECT ADDED ENTRY--TOPICAL TERM
Topical term or geographic name as entry element Organizational change
General subdivision Management.
942 ## - ADDED ENTRY ELEMENTS (KOHA)
Call number prefix Foreign
Koha item type Books
Holdings
Withdrawn status Lost status Source of classification or shelving scheme Damaged status Home library Current library Shelving location Date acquired Source of acquisition Total Checkouts Full call number Barcode Date last seen Date checked out Price effective from Koha item type
    Library of Congress Classification   College Library College Library Graduate Section 03/21/2014 Donation 1 HB 615 .B874 2013 C17520 04/12/2022 03/11/2022 03/21/2014 Books

Corporate Entrepreneurship :

APA

Burns P., . (2013). Corporate Entrepreneurship. New York: Palgrave Macmillan.

Chicago

Burns Paul, . 2013. Corporate Entrepreneurship. New York: Palgrave Macmillan.

Harvard

Burns P., . (2013). Corporate Entrepreneurship. New York: Palgrave Macmillan.

MLA

Burns Paul, . Corporate Entrepreneurship. New York: Palgrave Macmillan. 2013.

  • Place hold
  • Print
  • Cite
  • Add to your cart (remove)
  • Save record
    BIBTEX Dublin Core MARCXML MARC (non-Unicode/MARC-8) MARC (Unicode/UTF-8) MARC (Unicode/UTF-8, Standard) MODS (XML) RIS
  • More searches
    Search for this title in:
    Other Libraries (WorldCat) Other Databases (Google Scholar) Online Stores (Bookfinder.com) Open Library (openlibrary.org)

Exporting to Dublin Core...

SOUTHVILLE LIBRARY

Southville International School and Colleges Library

1281 Tropical Ave. Cor. Luxembourg St., BF Homes International, Las Pinas City

Tel. No. 8256374 / 252358 Loc. 117/146

Powered by Koha